Российское книгоиздание в цифрах

Détails bibliographiques
Collectivité auteur: Российская книжная палата
Langue:russe
Publié: Москва, 2003
Sujets:
Format: Livre
KOHA link:https://koha.lib.tpu.ru/cgi-bin/koha/opac-detail.pl?biblionumber=80564

MARC

LEADER 00000nam0a2200000 4500
001 80564
005 20231031094650.0
035 |a (RuTPU)RU\TPU\book\86594 
090 |a 80564 
100 |a 20050907d2003 m y0rusy50 ca 
101 0 |a rus 
102 |a RU 
105 |a y z 000zy 
200 1 |a Российское книгоиздание в цифрах  |f Российская книжная палата 
210 |a Москва  |d 2003 
215 |a 20 с. 
610 1 |a книгоиздание 
610 1 |a Россия 
610 1 |a статистика 
610 1 |a Российская книжная палата 
686 |a Ч611  |v LBC/SL-A  |2 rubbk 
712 0 2 |a Российская книжная палата  |2 stltpush  |3 (RuTPU)RU\TPU\col\207 
801 1 |a RU  |b 63413507  |c 20050907  |g PSBO 
942 |c BK